Ville dans les quels il y a un restaurant StarSmash - Statistiques

Statistiques générales
  • Ce quiz a été pris 119 fois
  • Le résultat moyen est 12 sur 49
Statistiques - réponses
Ville % Correct
Paris Cambronne
93%
Paris Grands Boulevard
93%
Paris Nation
93%
Bordeaux Chartrons
67%
Bordeaux Nansouty
67%
Lyon Confluence
67%
Angers
60%
Toulouse
53%
Aix
47%
Nice
47%
Orléans
47%
Dijon
40%
Toulon
33%
Avignon
27%
Caen
27%
Mulhouse
27%
Tours
27%
Le Mans
20%
Metz
20%
Poitier
20%
Villeurbanne
20%
Argenteuil
13%
Aulnay
13%
Besançon
13%
Colmar
13%
Dunkerque
13%
Limoges
13%
Nimes
13%
Saint Quentin
13%
Tourcoing
13%
Troyes
13%
Vénissieux
13%
Villeneuve-Saint-Georges
13%
Vitry
13%
Antony
7%
Athis Mons
7%
Bagneux
7%
Blois
7%
Chennevières
7%
Créteil
7%
Colombes
7%
Le Pecq
7%
Pantin
7%
Pau
7%
Rueil
7%
Villemomble
7%
Épinay
0%
Mérignac
0%
Noisy
0%
Aucun quiz correspondant
Distribution des résultats
% des personnes avec chaque résultat
Percentile par nombre de réponses
Votre historique - résultats
Vous n’avez pas pris ce quiz